Composition milan ac finale ligue des champions 2007 - Statistiques

Statistiques générales
  • Ce quiz a été pris 680 fois
  • Le résultat moyen est 8 sur 12
Statistiques - réponses
Numéro Nom % Correct
3 (cap) Maldini
97%
1 Dida
89%
22 Kaka
88%
13 Nesta
83%
21 Pirlo
76%
8 Gattuso
74%
9 Inzaghi
74%
Entraîneur Ancelotti
71%
20 Seedorf
68%
23 Ambrosini
27%
6 Jankulovski
14%
44 Oddo
12%
Aucun quiz correspondant
Distribution des résultats
% des personnes avec chaque résultat
Percentile par nombre de réponses
Votre historique - résultats
Vous n’avez pas pris ce quiz